| 000 | 01815cam a22004934i 4500 | ||
|---|---|---|---|
| 003 | PE-LiUPU | ||
| 005 | 20250731165550.0 | ||
| 008 | 150625s r 000 0 d | ||
| 035 | _a(Sirsi) a34421 | ||
| 035 | _a(Sirsi) a34421 | ||
| 040 |
_aPE-LiUPU _bspa _cPE-LiUPU _erda |
||
| 082 | 0 | 4 |
_a985.04 _bD _223 |
| 100 | 1 |
_aPons Muzzo, Gustavo, _d1916-2008, _eautor. |
|
| 245 | 1 | 0 |
_aSimbolos de la Patria / _cinvestigación, recopilación, edición y prólogo por Gustavo Pons Muzzo. |
| 264 | 1 |
_aLima : _bComisión Nacional del Sesquicentenario de la Independencia del Perú, _c1974. |
|
| 300 |
_a416 páginas : _bilustraciones ; _c24 centímetros. |
||
| 336 |
_atext _2rdacontent |
||
| 337 |
_aunmediated _2rdamedia |
||
| 338 |
_avolume _2rdacarrier |
||
| 490 | 0 |
_aColección Documental de la Independencia del Perú ; _v10 |
|
| 500 | _aAño del sesquicentenario de las batallas de Junín y Ayacucho. | ||
| 505 | _aBandera nacional, escudo, gran sello del estado, pabellón, estandarte y escarapela -- Himno nacional, letra y música. | ||
| 526 | _aSEG44 | ||
| 526 | _aSEG26 | ||
| 526 | _aP151 | ||
| 526 | _aP150 | ||
| 526 | _aP149 | ||
| 526 | _aP146 | ||
| 526 | _aP145 | ||
| 526 | _aP126 | ||
| 526 | _aP125 | ||
| 526 | _aP92 | ||
| 526 | _aP75 | ||
| 526 | _aP74 | ||
| 526 | _aP27 | ||
| 526 | _aP15 | ||
| 650 | 0 | 4 |
_aSímbolos nacionales _zPerú. |
| 700 | 1 |
_aPons Muzzo, Gustavo, _d1916-2008. |
|
| 710 | 2 | _a.Comisión Nacional del Sesquicentenario de la Independencia del Perú | |
| 942 |
_2ddc _cBK |
||
| 949 |
_aRC 985.04 D 10 _wDEWEY _c1 _i17010 _lRC _mBUL _r0 _sY _tBOOK _u2015-6-25 _xBIBLIOTECA _zUNKNOWN _0COMPRA _o.CIRCNOTE. No olvidar cambiar la fecha de devolución!!!!!!! _o.STAFF. Colección General |
||
| 999 |
_c42276 _d42276 |
||
| 980 |
_81 _gALBERTO SANCHEZ Responsable de Automatización |
||